00498nam a2200109Ia 4500008004100000100002900041245016400070260005100234300001100285650002300296856006900319160712s9999 xx 000 0 und d aLaguilles, Rowena Ayque. cRowena Ayque LaguillesaThe Pantawid Pamilyang Pilipino Program: Towards Women’s Empowerment or Further Entrapment? (Voices of Beneficiaries in Legazpi City) c2012bPhilippine Journal of Social Development avol. 4 xSOCIAL DEVELOPMENT uhttp://journals.upd.edu.ph/index.php/pjsd/issue/view/414/showToc